I'm A Marionette Lyrics-Ghost - Statistics

General Stats
  • This quiz has been taken 40 times
  • The average score is 207 of 254
Answer Stats
Answer % Correct
a
100%
I
100%
I'm
100%
marionette
100%
me
100%
an
94%
just
94%
like
94%
Like
94%
no
94%
You
94%
you
94%
You're
94%
As
89%
as
89%
my
89%
so
89%
the
89%
at
83%
pull
83%
string
83%
that
83%
to
83%
what
83%
all
78%
and
78%
And
78%
around
78%
but
78%
doll
78%
everybody's
78%
free
78%
from
78%
if
78%
long
78%
Look
78%
look
78%
of
78%
on
78%
pushed
78%
refugee
78%
see
78%
strings
78%
telling
78%
that's
78%
don't
72%
feel
72%
insane
72%
is
72%
laugh
72%
out
72%
pet
72%
pirouette
72%
puppet
72%
round
72%
sing
72%
smile
72%
they
72%
will
72%
with
72%
belong
67%
better
67%
bound
67%
Can't
67%
can't
67%
clown
67%
feeling
67%
got
67%
I've
67%
little
67%
ok
67%
photograph
67%
say
67%
this
67%
blame
61%
have
61%
it's
61%
King
61%
Kong
61%
myself
61%
old
61%
one
61%
outward
61%
silly
61%
Something's
61%
wrong
61%
come
56%
complain
56%
control
56%
fall
56%
how
56%
lost
56%
outer
56%
place
56%
somebody
56%
space
56%
talk
56%
taught
56%
walk
56%
way
56%
Yet
56%
happening
50%
Iak
50%
Sakkak
50%
hold
28%
No matching quizzes found
Score Distribution
Percent of People with Each Score
Percentile by Number Answered
Your Score History
You have not taken this quiz